[Event "FRA-chT2S 9900"]
[Site "France"]
[Date "2000.01.16"]
[Round "5"]
[White "Bolding, Klaus"]
[Black "Eliet, Renaud"]
[Result "1-0"]
[WhiteElo "2305"]
[BlackElo "2189"]
[PlyCount "41"]
[EventDate "1999.01.15"]
[EventType "team"]
[EventRounds "7"]
[EventCountry "FRA"]
[SourceTitle "EXT 2002"]
[Source "ChessBase"]
[SourceDate "2001.11.25"]
[SourceVersion "1"]
[SourceVersionDate "2001.11.25"]
[SourceQuality "1"]

1. e4 c6 2. d4 d5 3. f3 dxe4 4. fxe4 e5 5. Nf3 exd4 6. Bc4 Bb4+ 7. c3 Ba5 8. 0-0 dxc3 9. Qc2 Nf6 10. Nxc3 Be6 11. Bxe6 fxe6 12. e5 Ng4 13. Ng5 Qd4+ 14. Kh1 Bb6 15. Nce4 Nxe5 16. Nxe6 Qd7 17. Qb3 c5 18. Nxg7+ Qxg7 19. Qe6+ Kd8 20. Bg5+ Kc7 21. Bf6 1-0

[Event "FRA-chT2S 9900"]
[Site "France"]
[Date "2000.01.15"]
[Round "5"]
[White "Eliet, Renaud"]
[Black "Belkhodja, Slim"]
[Result "1/2-1/2"]
[WhiteElo "2189"]
[BlackElo "2423"]
[PlyCount "74"]
[EventDate "1999.01.15"]
[EventType "team"]
[EventRounds "7"]
[EventCountry "FRA"]
[SourceTitle "EXT 2002"]
[Source "ChessBase"]
[SourceDate "2001.11.25"]
[SourceVersion "1"]
[SourceVersionDate "2001.11.25"]
[SourceQuality "1"]

1. d4 d6 2. Nf3 g6 3. c3 Bg7 4. e4 Nf6 5. Bd3 0-0 6. 0-0 Bg4 7. h3 Bxf3 8. Qxf3 Nc6 9. Be3 e5 10. Nd2 Nd7 11. dxe5 Ndxe5 12. Qe2 Nxd3 13. Qxd3 Re8 14. a4 Qd7 15. a5 a6 16. Nb3 Qe6 17. Nd2 Rad8 18. Qd5 Qxd5 19. exd5 Ne7 20. c4 Nf5 21. Bg5 f6 22. Bf4 g5 23. g4 Nd4 24. Be3 Nc2 25. Ra4 Nxe3 26. fxe3 Rxe3 27. Rf3 Re2 28. Rf2 Rde8 29. Nf3 R2e4 30. Rb4 Rb8 31. Rd2 b5 32. Nd4 f5 33. Nc6 Ra8 34. cxb5 Rxb4 35. Nxb4 axb5 36. Nc6 fxg4 37. hxg4 Kf7 1/2-1/2

[Event "FRA-chT2S 9900"]
[Site "France"]
[Date "1999.12.04"]
[Round "3"]
[White "Eliet, Renaud"]
[Black "Dunis, Aurelien"]
[Result "0-1"]
[WhiteElo "2189"]
[BlackElo "2196"]
[PlyCount "50"]
[EventDate "1999.01.15"]
[EventType "team"]
[EventRounds "7"]
[EventCountry "FRA"]
[SourceTitle "EXT 2002"]
[Source "ChessBase"]
[SourceDate "2001.11.25"]
[SourceVersion "1"]
[SourceVersionDate "2001.11.25"]
[SourceQuality "1"]

1. d4 Nf6 2. Nf3 e6 3. Bg5 c5 4. e3 Qb6 5. Nbd2 Qxb2 6. Be2 d5 7. 0-0 c4 8. Ne5 Nc6 9. f4 Qc3 10. Rf3 Bb4 11. Nf1 Ne4 12. Bh4 Qa3 13. Be1 Bxe1 14. Qxe1 Qc3 15. Qxc3 Nxc3 16. Kf2 Nb4 17. Nd2 f6 18. Ng4 h5 19. Rh3 Nxe2 20. Kxe2 e5 21. Nf2 Bxh3 22. Nxh3 exd4 23. exd4 Nxc2 24. Rb1 Nxd4+ 25. Kf2 0-0-0 0-1

[Event "FRA-chT2S 9798"]
[Site "France"]
[Date "1998.??.??"]
[Round "?"]
[White "Eliet, Renaud"]
[Black "Baillon, Olivier"]
[Result "1-0"]
[WhiteElo "2155"]
[BlackElo "2230"]
[PlyCount "66"]
[EventDate "1997.??.??"]
[EventType "team"]
[EventRounds "9"]
[EventCountry "FRA"]
[SourceTitle "EXT 2003"]
[Source "ChessBase"]
[SourceDate "2002.11.25"]
[SourceVersion "1"]
[SourceVersionDate "2002.11.25"]
[SourceQuality "1"]

1. d4 Nf6 2. Nf3 g6 3. Bg5 Bg7 4. Nbd2 d5 5. e3 0-0 6. Be2 b6 7. b4 Ba6 8. Bxa6 Nxa6 9. c3 c6 10. 0-0 Nb8 11. Ne5 Nfd7 12. Nd3 f6 13. Bh4 e6 14. c4 a5 15. a3 Rf7 16. Qb3 a4 17. Qa2 b5 18. cxb5 cxb5 19. e4 Nb6 20. Nc5 Qe8 21. Rfe1 Re7 22. Bg3 Nc6 23. Bd6 Nxd4 24. Bxe7 Qxe7 25. exd5 e5 26. d6+ Qf7 27. Qxf7+ Kxf7 28. Ra2 Nc4 29. Nf3 Nf5 30. Rd1 Rd8 31. d7 Ke7 32. g4 Nfd6 33. h4 Nb6 1-0

[Event "FRA-chT2S 9798"]
[Site "France"]
[Date "1998.??.??"]
[Round "6"]
[White "Eliet, Renaud"]
[Black "Bolding, Klaus"]
[Result "1/2-1/2"]
[WhiteElo "2155"]
[BlackElo "2335"]
[PlyCount "115"]
[EventDate "1997.??.??"]
[EventType "team"]
[EventRounds "9"]
[EventCountry "FRA"]
[SourceTitle "EXT 2003"]
[Source "ChessBase"]
[SourceDate "2002.11.25"]
[SourceVersion "1"]
[SourceVersionDate "2002.11.25"]
[SourceQuality "1"]

1. d4 d6 2. c3 g6 3. Bg5 Bg7 4. Nd2 Nf6 5. e4 0-0 6. Qc2 b6 7. Ngf3 c5 8. dxc5 bxc5 9. Be2 Bb7 10. 0-0 Nbd7 11. Rfe1 Qc7 12. Bf1 Rfe8 13. Rad1 Rab8 14. h3 Ba8 15. Bf4 Qb7 16. b3 Rbd8 17. Bh2 Nf8 18. e5 dxe5 19. Nxe5 Ne6 20. Ndf3 Nd5 21. Bd3 Ndf4 22. Bxf4 Nxf4 23. Be4 Qc8 24. Rxd8 Rxd8 25. Bxa8 Qxa8 26. Qe4 Qxe4 27. Rxe4 Nd5 28. Rc4 e6 29. Rxc5 Bf8 30. Rc4 f6 31. Ng4 e5 32. Ne3 Nf4 33. Rc7 Rd3 34. c4 h5 35. h4 e4 36. Ne1 Rd2 37. Rc6 f5 38. f3 Re2 39. N3c2 e3 40. Kf1 Rd2 41. Nxe3 Be7 42. Nd5 Nxd5 43. cxd5 Rxd5 44. g3 f4 45. gxf4 Kf7 46. Rc7 Rd2 47. Rc2 Rxc2 48. Nxc2 Bxh4 49. Kg2 Ke6 50. Nb4 Bf6 51. Nc6 a6 52. b4 Bc3 53. a3 Bb2 54. a4 Bc3 55. b5 axb5 56. axb5 Kd6 57. Kh3 Bf6 58. Ne5 1/2-1/2

[Event "FRA-chT2S"]
[Site "France"]
[Date "1997.??.??"]
[Round "2"]
[White "Eliet, Renaud"]
[Black "Etchegaray, Patrice"]
[Result "1/2-1/2"]
[WhiteElo "2155"]
[BlackElo "2305"]
[PlyCount "86"]
[EventDate "1997.??.??"]
[EventType "team"]
[EventRounds "9"]
[EventCountry "FRA"]
[SourceTitle "EXT 2007"]
[Source "ChessBase"]
[SourceDate "2006.11.23"]
[SourceVersion "1"]
[SourceVersionDate "2006.11.23"]
[SourceQuality "1"]
[WhiteTeam "La Ciotat"]
[BlackTeam "Echiquier Nicois"]
[WhiteTeamCountry "FRA"]
[BlackTeamCountry "FRA"]

1. d4 Nf6 2. Nf3 g6 3. Bg5 Bg7 4. Nbd2 d5 5. e3 0-0 6. Be2 c5 7. c3 Qb6 8. Qb3 Nc6 9. 0-0 c4 10. Qxb6 axb6 11. h3 h6 12. Bxf6 Bxf6 13. e4 e6 14. a3 Bd7 15. Ne1 Rfd8 16. Nc2 b5 17. Rad1 Ne7 18. Nb4 Bc6 19. f4 dxe4 20. Nxc6 Nxc6 21. Nxe4 Bg7 22. g4 Nxd4 23. cxd4 Bxd4+ 24. Kg2 Bxb2 25. Rxd8+ Rxd8 26. Rb1 c3 27. Nxc3 Bxc3 28. Rxb5 Rd2 29. Kf3 Rd7 30. a4 Bd2 31. Rc5 Rd4 32. Rc4 Rd7 33. Ke4 f5+ 34. Kf3 Kg7 35. Kg3 Kf6 36. Bf3 b6 37. gxf5 gxf5 38. Be2 Rg7+ 39. Kf2 Rd7 40. Kf3 Rd6 41. Rc8 h5 42. Bb5 Rd4 43. Rc4 Rxc4 1/2-1/2

[Event "FRA-chT2S"]
[Site "France"]
[Date "1997.??.??"]
[Round "4"]
[White "Vasilescu, Lucian Mihail"]
[Black "Eliet, Renaud"]
[Result "0-1"]
[WhiteElo "2365"]
[BlackElo "2155"]
[PlyCount "132"]
[EventDate "1997.??.??"]
[EventType "team"]
[EventRounds "9"]
[EventCountry "FRA"]
[SourceTitle "EXT 2007"]
[Source "ChessBase"]
[SourceDate "2006.11.23"]
[SourceVersion "1"]
[SourceVersionDate "2006.11.23"]
[SourceQuality "1"]
[WhiteTeam "Montpellier"]
[BlackTeam "La Ciotat"]
[WhiteTeamCountry "FRA"]
[BlackTeamCountry "FRA"]

1. Nf3 f5 2. g3 Nf6 3. Bg2 g6 4. c3 Bg7 5. Qb3 d5 6. 0-0 c6 7. d4 Qb6 8. c4 Qxb3 9. axb3 e6 10. Bf4 Na6 11. Nc3 Bd7 12. c5 Nh5 13. Bd6 Bf8 14. Be5 Bg7 15. Bxg7 Nxg7 16. Ne5 Nc7 17. f3 a6 18. e4 Rd8 19. exd5 exd5 20. f4 0-0 21. Kf2 Bc8 22. Rfe1 Nh5 23. b4 Nf6 24. Bf3 Rde8 25. Ke3 Nd7 26. h3 Nxe5 27. dxe5 Rd8 28. Ne2 Nb5 29. g4 Rf7 30. g5 Be6 31. h4 Kf8 32. h5 Ke7 33. Rh1 Rg7 34. Rh2 Bg8 35. Rah1 Re8 36. Kd3 Rd8 37. Ng1 Nc7 38. hxg6 hxg6 39. Rh6 Ne6 40. R1h4 Ra8 41. Kc3 a5 42. b5 Nxc5 43. bxc6 bxc6 44. Ne2 Ne6 45. Nd4 Nxd4 46. Kxd4 Rb8 47. Bd1 Rxb2 48. Kc5 Kd7 49. Ba4 Kc7 50. Rh2 Rb4 51. Bxc6 Rc4+ 52. Kb5 Rxc6 53. Ra2 Kb7 54. Rxa5 Rgc7 55. Kb4 Rb6+ 56. Rb5 Rxb5+ 57. Kxb5 Rc6 58. Rh8 Be6 59. Rh7+ Rc7 60. Rh6 Bd7+ 61. Kb4 Rc6 62. Rh7 Kc7 63. Kb3 d4 64. Rh3 Rc3+ 65. Rxc3+ dxc3 66. Kxc3 Be6 0-1

[Event "FRA-chT"]
[Site "France"]
[Date "1996.??.??"]
[Round "?"]
[White "Eliet, Renaud"]
[Black "Gachon, Lionel"]
[Result "1/2-1/2"]
[WhiteElo "2150"]
[BlackElo "2290"]
[PlyCount "82"]
[EventDate "1996.??.??"]
[EventType "team"]
[EventRounds "11"]
[EventCountry "FRA"]
[SourceTitle "CBM 055 Extra"]
[Source "ChessBase"]
[SourceDate "1997.01.01"]
[SourceVersion "1"]
[SourceVersionDate "1997.01.01"]
[SourceQuality "1"]

1. d4 Nf6 2. Nf3 c5 3. c3 d5 4. Bf4 Nc6 5. e3 Qb6 6. Qb3 c4 7. Qxb6 axb6 8. Be2 Bf5 9. 0-0 e6 10. Nbd2 h6 11. Ne5 b5 12. a3 Nxe5 13. Bxe5 Nd7 14. Bc7 Be7 15. Rfe1 0-0 16. Bf3 Bd3 17. e4 Bg5 18. Nf1 Rfc8 19. Bd6 Nb6 20. exd5 Nxd5 21. Ne3 Rd8 22. Nxd5 exd5 23. Be7 Rd7 24. Bxg5 hxg5 25. Re5 Rad8 26. a4 f6 27. Ree1 bxa4 28. Rxa4 b5 29. Ra5 Rb8 30. Re6 Kf7 31. Rc6 Kg6 32. Rc5 b4 33. h3 bxc3 34. bxc3 Rb3 35. Bxd5 Rxc3 36. Ra4 Rc1+ 37. Kh2 c3 38. Ra3 Bb1 39. Bc6 Rxd4 40. Raxc3 Rxc3 41. Rxc3 Bf5 1/2-1/2

[Event "FRA-ch Accession"]
[Site "Chambery"]
[Date "1994.??.??"]
[Round "4"]
[White "Eliet, Renaud"]
[Black "Pelle, Guillaume"]
[Result "1-0"]
[WhiteElo "2180"]
[BlackElo "2250"]
[PlyCount "147"]
[EventDate "1994.??.??"]
[EventType "swiss"]
[EventRounds "11"]
[EventCountry "FRA"]
[SourceTitle "EXT 2004"]
[Source "ChessBase"]
[SourceDate "2003.11.25"]
[SourceVersion "1"]
[SourceVersionDate "2003.11.25"]
[SourceQuality "1"]

1. d4 Nf6 2. Nf3 g6 3. Bg5 Bg7 4. Nbd2 h6 5. Bh4 0-0 6. c3 d6 7. e4 c5 8. Bc4 cxd4 9. Nxd4 Nbd7 10. 0-0 e5 11. Ne2 Nb6 12. Bb3 Qc7 13. f3 a5 14. a4 Bd7 15. Kh1 Kh8 16. Bf2 Ra6 17. Ng3 Bc6 18. Bxb6 Rxb6 19. Nc4 Rxb3 20. Qxb3 d5 21. Nd2 h5 22. exd5 Nxd5 23. Ne2 Ne3 24. Rf2 h4 25. Ng1 Bh6 26. Re1 f5 27. c4 f4 28. Qd3 Kh7 29. b3 Rd8 30. Qb1 Bf8 31. Ne4 Bb4 32. Ng5+ Kh6 33. Ne6 Qd7 34. Nxd8 Qxd8 35. Rfe2 Bc5 36. Nh3 Qe7 37. Nf2 Kg7 38. Qd3 Bd4 39. h3 Qg5 40. Ne4 Qe7 41. Kh2 b6 42. Kh1 Qa3 43. Nf2 Nf5 44. Kh2 Qd6 45. Rd2 Qf6 46. Ng4 Qg5 47. Rde2 Ne3 48. Nxe3 fxe3 49. Rxe3 Kf6 50. Re4 Qg3+ 51. Kh1 Bd7 52. Qf1 Bf2 53. R1e2 Bc5 54. Qe1 Qxe1+ 55. Rxe1 Bd4 56. f4 Bc5 57. fxe5+ Ke7 58. Rxh4 Bf5 59. Rf4 Bc2 60. Rf3 Ke6 61. g4 Bb4 62. Re2 Bd1 63. Rf6+ Ke7 64. Re3 Bc5 65. Rd3 Bc2 66. Rdd6 Bxb3 67. Rxb6 Bxa4 68. Rxg6 Bc2 69. Rge6+ Kf7 70. Rf6+ Ke7 71. Ra6 a4 72. g5 Bd4 73. Rfe6+ Kf8 74. g6 1-0

[Event "Cannes Martinez op"]
[Site "Cannes"]
[Date "1992.??.??"]
[Round "?"]
[White "Legky, Nikolay A"]
[Black "Eliet, Renaud"]
[Result "1-0"]
[WhiteElo "2480"]
[BlackElo "2235"]
[PlyCount "67"]
[EventDate "1992.07.??"]
[EventType "swiss"]
[EventRounds "9"]
[EventCountry "FRA"]
[SourceTitle "EXT 1997"]
[Source "ChessBase"]
[SourceDate "1996.11.15"]
[SourceVersion "1"]
[SourceVersionDate "1996.11.15"]
[SourceQuality "1"]

1. d4 c5 2. d5 e5 3. e4 d6 4. Bb5+ Nd7 5. a4 Be7 6. Nf3 h6 7. Nc3 a6 8. Bd3 b6 9. 0-0 Bg5 10. Nxg5 hxg5 11. Qg4 f6 12. Qe2 Ne7 13. Nd1 Nf8 14. Ne3 Nfg6 15. g3 Kf7 16. Bd2 Qc7 17. b4 Bb7 18. a5 b5 19. c4 Rh7 20. Rfc1 Qd7 21. Qg4 Qxg4 22. Nxg4 bxc4 23. Rxc4 cxb4 24. Rxb4 Bxd5 25. exd5 f5 26. Bxg5 e4 27. Bxe7 Nxe7 28. Bxe4 fxe4 29. Rxe4 Rh5 30. Ne3 Nxd5 31. Nc4 Rd8 32. Rd1 Kf6 33. g4 Rg5 34. h4 1-0

[Event "FRA-ch Accession"]
[Site "Montpellier"]
[Date "1991.??.??"]
[Round "6"]
[White "Eliet, Renaud"]
[Black "Berthelot, Yannick"]
[Result "1/2-1/2"]
[WhiteElo "2140"]
[BlackElo "2320"]
[PlyCount "81"]
[EventDate "1991.??.??"]
[EventType "swiss"]
[EventRounds "11"]
[EventCountry "FRA"]
[SourceTitle "EXT 1999"]
[Source "ChessBase"]
[SourceDate "1998.11.16"]
[SourceVersion "1"]
[SourceVersionDate "1998.11.16"]
[SourceQuality "1"]

1. d4 Nf6 2. Nf3 g6 3. Bg5 Bg7 4. Nbd2 d5 5. c3 0-0 6. e3 b6 7. b4 c5 8. Be2 Nbd7 9. 0-0 h6 10. Bf4 Nh5 11. Ne5 Nxf4 12. exf4 Nxe5 13. fxe5 cxd4 14. cxd4 e6 15. Rc1 Bb7 16. Qa4 Qe7 17. Rc2 Rfc8 18. Rfc1 Rxc2 19. Rxc2 Bf8 20. b5 Qb4 21. Qxb4 Bxb4 22. Nb1 Rc8 23. Rxc8+ Bxc8 24. Bd3 g5 25. g3 f6 26. f4 gxf4 27. gxf4 fxe5 28. fxe5 Kg7 29. Kf2 Bd7 30. a3 Be7 31. a4 Bb4 32. Ke3 Be8 33. Nd2 Bg6 34. Nf1 Bxd3 35. Kxd3 Kg6 36. Ng3 Kg5 37. Ne2 Kg4 38. Ke3 h5 39. Kf2 Bd2 40. Kg2 Be3 41. h3+ 1/2-1/2